Every America song that hit the Billboard hot 100 - Statistics

General Stats
  • This quiz has been taken 18 times
  • The average score is 5 of 17
Answer Stats
Peak Chart Position Year Song % Correct
1 1972 A Horse With No Name
89%
1 1975 Sister Golden Hair
61%
4 1974 Tin Man
61%
8 1972 Ventura Highway
61%
8 1982 You Can Do Magic
44%
67 1973 Muskrat Love
39%
5 1975 Lonely People
33%
20 1975 Daisy Jane
28%
9 1972 I Need You
28%
23 1976 Today's The Day
22%
75 1976 Amber Cascades
11%
56 1979 California Dreamin'
11%
35 1973 Don't Cross The River
11%
33 1983 The Border
11%
44 1976 Woman Tonight
11%
62 1973 Only In Your Heart
6%
45 1983 Right Before Your Eyes
6%
No matching quizzes found
Score Distribution
Percent of People with Each Score
Percentile by Number Answered
Your Score History
You have not taken this quiz